| 000 | 00000nam##2200000za#4500 |
| 001 | 9.682830 |
| 003 | CaOODSP |
| 005 | 20210615133157 |
| 007 | ta |
| 008 | 150407|2005||||xxc||||| f|0| 0 fre|d |
| 020 | |a0-662-79642-X |
| 040 | |aCaOODSP|bfre |
| 043 | |an-cn--- |
| 086 | 1 |aFo1-6/2005F |
| 110 | 1 |aCanada.|bRessources naturelles Canada. |bService canadien des forêts. |
| 245 | 10|aL'état des forêts au Canada, 2004-2005 |
| 246 | 3 |aLa forêt boréale |
| 260 | |aOttawa - Ontario : |bRessources naturelles Canada. |c2005. |
| 520 | 3 |aCe rapport annuel présente des statistiques sur les forêts et l’industrie forestière canadiennes, y compris les possibilités annuelles de coupe, les exportations de produits forestiers, les fusions et acquisitions d’entreprises, les terres forestières certifiées et la certification de l’aménagement forestier au Canada, et l’emploi direct dans le secteur forestier. La section « Survol de l’année » se penche sur les faits nouveaux survenus dans tout le pays au cours de l’année, et des articles de fond et des articles spéciaux examinent en détail une variété de sujets liés aux forêts. |
| 563 | |aCouverture souple |
| 590 | |a05-36|b2005-09-09 |
| 691 | 07|aForêt|2gcpds |
| 691 | 07|aPolitique forestière|2gcpds |
| 775 | 08|tThe state of Canada's forests, 2004-2005 |w(CaOODSP)9.649658 |